Genetic manipulation of acid and solvent formation in Clostridium acetobutylicum ATCC 824 /

Gespeichert in:
Bibliographische Detailangaben
1. Verfasser: Green, Edward M.
Weitere Verfasser: Bennett, George N.
Format: Artikel
Sprache:English
Schlagworte:
Tags: Tag hinzufügen
Keine Tags, Fügen Sie den ersten Tag hinzu!
Thư viện lưu trữ: Thư viện Trường Đại học Đà Lạt
LEADER 00872nam a2200289 4500
001 DLU090098073
005 ##20091201
040 # # |a DLU  |b eng 
041 # # |a eng 
044 # # |a us 
100 # # |a Green, Edward M.  
245 # # |a Genetic manipulation of acid and solvent formation in Clostridium acetobutylicum ATCC 824 /  |c Edward M. Green, George N. Bennett. 
653 # # |a Butanol  
653 # # |a Butyrate 
653 # # |a Complementation 
653 # # |a Vector 
700 # # |a Bennett, George N.  
773 # # |t Biotechnology and Bioengineering  |g Vol. 58, no. 2-3 (April 1998), p. 215-221 
920 # # |a Phòng Tạp chí -- Trung tâm Thông tin - Thư viện Trường Đại học Đà Lạt 
994 # # |a DLU 
900 # # |a True 
911 # # |a Trương Bảo Trâm Anh 
925 # # |a G 
926 # # |a A 
927 # # |a BB 
980 # # |a Thư viện Trường Đại học Đà Lạt